000 00791nam a2200217 a 4500
001 000002261
005 20240412074200.0
008 090701s2008 dr c 001 0 spa d
020 _a9789945021011
040 _aDO-SdBNP
_bspa
_cBNPHU
082 _aRD861.44
_bH258L
100 1 _aHard Stone, Emilio,
_d1970-
_97208
245 1 0 _aLoesi, mi primer amor /
_cEmilio Hard Stone.
260 _aAzua, República Dominicana :
_bRafael Emilio de León Lebrón y/o Producciones Hard Stone,
_c2008.
300 _a98 p. :
_bretrs. ;
_c23 cm.
500 _aIncluye índice
500 _aLa poesía "Mi primer amor" ha sido traducida en los idiomas Francés, Portugués, Inglés e Italiano
590 _aInventariado, 2018/LP
650 0 _aPoesía dominicana
_966
650 0 _aLiteratura dominicana.
_967
999 _c2107
_d2107